Financial accounting: ADMN 920 for University New Hampshire
Պահպանված է:
| Հիմնական հեղինակ: | |
|---|---|
| Ձևաչափ: | Գիրք |
| Լեզու: | անգլերեն |
| Հրապարակվել է: |
McGraw-Hill
1998
|
| Ցուցիչներ: |
Ավելացրեք ցուցիչ
Չկան պիտակներ, Եղեք առաջինը, ով նշում է այս գրառումը!
|
MARC
| LEADER | 00000nam a22000007a 4500 | ||
|---|---|---|---|
| 008 | 210430b ||||| |||| 00| 0 eng d | ||
| 020 | |a 0-07-229676-3 | ||
| 100 | |a LIBBY, Robert | ||
| 245 | |a Financial accounting: |b ADMN 920 for University New Hampshire |c Robert Libby, Patricia A. Libby, Daniel G. Short. |g xliv, 815p. ill. | ||
| 260 | |b McGraw-Hill |c 1998 |h New York |i 693941 |l HF5635 .L62 |m Accounting. |m Corporations – Accounting |m Financial statements | ||
| 500 | |a “It includes index”. | ||
| 942 | |a lcc |c BK |e Adekanye, I. H. |f 30/04/2021 | ||
| 952 | |0 0 |1 0 |2 lcc |4 0 |6 HF5635 L62 |7 0 |9 2386 |a HOL |b HOL |c GJ |d 2021-04-30 |l 0 |o HF5635 .L62 |p 2021-6237 |r 2021-04-30 00:00:00 |w 2021-04-30 |y BK | ||
| 999 | |c 1234 |d 1234 | ||